Rytmus společenské výroby a některé zvláštnosti z hlediska kalendářních variací.

Analýza obchodného cyklu, používajúca krátkodobé rady ako výsledok spoločného pôsobenia niekoľkých zložiek líšiacich sa čo do času i čo do obsahu. Upozornenie na problémy, ktoré vznikajú v dôsledku fluktuácie krátkodobých časových radov založených na vlastnostiach kalendára a návrh na spôsob eliminá...

Descrizione completa

Salvato in:
Dettagli Bibliografici
Autore principale: Dubský, Stanislav
Natura: Capitolo di libro
Lingua:ceco
Soggetti:
Tags: Aggiungi Tag
Nessun Tag, puoi essere il primo ad aggiungerne!!

MARC

LEADER 00000naa a2200000 4500
001 r012097
005 20220826094853.6
041 0 |a cze 
044 |a CZ 
245 1 0 |a Rytmus společenské výroby a některé zvláštnosti z hlediska kalendářních variací.  |c Stanislav Dubský 
520 |a Analýza obchodného cyklu, používajúca krátkodobé rady ako výsledok spoločného pôsobenia niekoľkých zložiek líšiacich sa čo do času i čo do obsahu. Upozornenie na problémy, ktoré vznikajú v dôsledku fluktuácie krátkodobých časových radov založených na vlastnostiach kalendára a návrh na spôsob eliminácie tohto efektu. Ilustrácia na príklade. 
610 2 0 |a rytmickosť výroby 
610 2 0 |a výroba spoločenská 
610 2 0 |a čas 
610 2 0 |a analýza štatistická 
610 2 0 |a rady časové 
610 2 0 |a sezónnosť 
610 2 0 |a týždeň pracovný 
610 2 0 |a 1986-1992 
610 2 0 |a ČSFR 
610 2 0 |a priemysel 
100 1 |a Dubský, Stanislav